000 00682nam a2200217 a 4500
001 BRCA_3637
005 20190320204349.0
008 260809s1954----gw-a---###---#000-0#ger-#
041 _ager
044 _agw
050 4 _aNK2808
_b.R67 1954
100 1 _aRopers, Hinrich
_99435
245 1 0 _aMorgenländische Teppiche ; ein Handbuch fur Sammler und Liebhabber
_cH. Ropers.
260 _aBraunschweig, Alemania
_bKlinkhardt & Biermann
_c1954
300 _a331 p.
_bil., láminas (algunas a color), mapas.
_c24 cm.
440 0 _aBiliothek fur Kunst - u. Antiquitäten-freunde
_v19
_99436
500 _aB305
650 1 4 _aTapetes orientales
_97601
902 _aGFM
942 _2lcc
_cB
999 _c3372
_d3372